|
003 -Nazwa inst., której nr kontr. jest w polu 001 [,]
|
-
- @
- Nazwa instytucji, której n kontrolny jest w polu 001
- NUKAT
|
|
005 -DATA I CZAS OSTATNIEJ MODYFIKACJI [,]
|
-
- @
- pole kontrolne
- 20241231112208.0
|
|
020 -Międzynarod. znormalizowany nr książki - ISBN [ , ]
|
-
- a
- Numer ISBN
- 8387039497
|
|
040 -Instytucja sporządzająca opis [ , ]
|
-
- a
- Instytucja, która sporządziła opis (NP)
- NUKAT
-
- b
- Język katalogowania
- pol
-
- e
- Zasady katalogowania
- rda
-
- c
- Instytucja, która sporządziła rekord (NP)
- KR U/BG
-
- d
- Instytucja, która zmodyfikowała rekord (P)
- WA U/EBA
-
- d
- Instytucja, która zmodyfikowała rekord (P)
- WA U/IJG
-
- d
- Instytucja, która zmodyfikowała rekord (P)
- GL 001/FAN
-
- d
- Instytucja, która zmodyfikowała rekord (P)
- GL 001/FMM
-
- d
- Instytucja, która zmodyfikowała rekord (P)
- GL 001/FAN
|
|
041 -Język dokumentu [1, ]
|
-
- a
- Język tekstu (P)
- polski
-
- h
- Język tekstu oryginalnego i/lub pośredniego (P)
- angielski
|
|
942 -Rodzaj dokumentu [ , ]
|
-
- c
- Rodzaj dokumentu
- Książka
|
|
080 -Uniwersalna Klasyfikacja Dziesiętna [ , ]
|
-
- 2
- Identyfikator wydania tablic
- UDC-PO58
-
- a
- Symbol klasyfikacji
- 37.07
-
- b
- Dopowiedzenie
- Zarządzanie placówkami oświatowymi. Administracja szkolna. Stosunki z innymi instytucjami.
-
- x
- Poddział wspólny
- "1989/..."
-
- b
- Dopowiedzenie
- Od 1989 roku.
|
|
080 -Uniwersalna Klasyfikacja Dziesiętna [ , ]
|
-
- 2
- Identyfikator wydania tablic
- UDC-PO58
-
- a
- Symbol klasyfikacji
- 37.091.113
-
- b
- Dopowiedzenie
- Dyrekcja. Kierownictwo szkół (placówek oświatowych). Mianowanie, nominacja, wybór.
-
- x
- Poddział wspólny
- "1989/..."
-
- b
- Dopowiedzenie
- Od 1989 roku.
|
|
080 -Uniwersalna Klasyfikacja Dziesiętna [ , ]
|
-
- 2
- Identyfikator wydania tablic
- UDC-PO58
-
- a
- Symbol klasyfikacji
- 37.018.4-022.324
-
- b
- Dopowiedzenie
- Kształcenie ustawiczne. Kształcenie na odległość. E-learning. Kształcenie korespondencyjne.
-
- x
- Poddział wspólny
- "1989/..."
-
- b
- Dopowiedzenie
- Od 1989 roku.
|
|
080 -Uniwersalna Klasyfikacja Dziesiętna [ , ]
|
-
- 2
- Identyfikator wydania tablic
- UDC-PO58
-
- a
- Symbol klasyfikacji
- 37.091.3::005.336.1
-
- b
- Dopowiedzenie
- Efektywność nauczania.
-
- x
- Poddział wspólny
- "1989/..."
-
- b
- Dopowiedzenie
- Od 1989 roku.
|
|
650 -Hasło przedmiotowe [ ,7]
|
-
- a
- Hasło przedmiotowe
- Edukacja
-
- x
- Określnik rzeczowy
- planowanie.
-
-
|
|
650 -Hasło przedmiotowe [ ,7]
|
-
- a
- Hasło przedmiotowe
- Edukacja
-
- x
- Określnik rzeczowy
- zarządzanie.
-
-
|
|
650 -Hasło przedmiotowe [ ,7]
|
-
- a
- Hasło przedmiotowe
- Kształcenie zawodowe.
-
-
|
|
980 -Symbol UKD [ , ]
|
-
- a
- UKD
- 37.07:37.091.113:37.018.4-022.324:37.091.3::005.336.1]"1989/..."
|
|
700 -Hasło dodatkowe - nazwa osobowa [1, ]
|
-
- a
- Nazwa osobowa (NP)
- Ekiert-Grabowska, Dorota.
-
- e
- Określenie rodzaju współpracy
- Redakcja
-
- e
- Określenie rodzaju współpracy
- Tłumaczenie
-
|
|
700 -Hasło dodatkowe - nazwa osobowa [1, ]
|
-
- a
- Nazwa osobowa (NP)
- Elsner, Danuta.
-
- e
- Określenie rodzaju współpracy
- Redakcja
-
- e
- Określenie rodzaju współpracy
- Tłumaczenie
-
|
|
700 -Hasło dodatkowe - nazwa osobowa [1, ]
|
-
- a
- Nazwa osobowa (NP)
- Brzdąk, Jadwiga.
-
- e
- Określenie rodzaju współpracy
- Tłumaczenie
-
|
|
700 -Hasło dodatkowe - nazwa osobowa [1, ]
|
-
- a
- Nazwa osobowa (NP)
- Gałązka, Alicja.
-
- e
- Określenie rodzaju współpracy
- Tłumaczenie
-
|
|
700 -Hasło dodatkowe - nazwa osobowa [1, ]
|
-
- a
- Nazwa osobowa (NP)
- Krupińska, Monika.
-
- e
- Określenie rodzaju współpracy
- Tłumaczenie
-
|
|
700 -Hasło dodatkowe - nazwa osobowa [1, ]
|
-
- a
- Nazwa osobowa (NP)
- Laske, Daniel.
-
- e
- Określenie rodzaju współpracy
- Tłumaczenie
-
|
|
700 -Hasło dodatkowe - nazwa osobowa [1, ]
|
-
- a
- Nazwa osobowa (NP)
- Tarka, Marzena.
-
- e
- Określenie rodzaju współpracy
- Tłumaczenie
-
|
|
710 -Hasło dodatkowe - nazwa ciała zbiorowego [2, ]
|
-
- a
- Nazwa ciała zbiorowego lub nazwa geograficzna jako pierwszy element (NP)
- Instytut Technologii Eksploatacji (Radom).
-
- e
- Rodzaj współpracy
- Wydawca
-
-
|